| 000 | 00824nam a2200217Ia 4500 | ||
|---|---|---|---|
| 999 |
_c37782 _d37782 |
||
| 001 | 3759 | ||
| 003 | GE_BSU | ||
| 005 | 20190806164317.0 | ||
| 008 | 181216s1987||||ge |||||||||||||| ||geo|| | ||
| 040 | _cGE_BSU | ||
| 041 | _ageo | ||
| 080 | _a001 მ–48 | ||
| 100 |
_aმედვედევი, ი. _93425 |
||
| 245 |
_aაკადემიკოსი თეოფანე დავითაია / _cრედ. დ. სალუქვაძე. |
||
| 264 |
_aთბილისი : _bგანათლება, _c1987. |
||
| 300 |
_a90 გვ. _b21 სმ. |
||
| 600 |
_aდავითაია თეოფანე _93426 |
||
| 653 | _aქართველი გეოფიზიკოსები | ||
| 700 |
_aსალუქვაძე, დ. _eრედაქტორი _93427 |
||
| 942 |
_cBK _2udc |
||